000 00291as aa2200097a 44500
090 _aSERIADAS
_b00767
245 1 0 _aBoletín SITEP
260 _bSistema de Información Técnico Estadístico de Plantaciones Forestales Industriales en Colombia
_aColombia
041 0 _aEspañol
942 _cREVISTA
999 _c16764
_d16764